00728nam a2200181 a 450000500170000000800410001702000150005805000240007310000200009724500720011725000160018926000470020530000080025244000190026052002230027965000130050265000310051520140414132131.0130604s19uu xx 00 eng d a032867544x aTR 372.4bF716 2011 aForesman, Scott aEnvision it! Visual skills handbook : Reading Street Grade1 Unit 5. aStudent ed. aUnited States :bPearson Education,c2011. a260 aReading Street aAuthor's purpose, Cause and effect, Classify and categorize, Compare and contrast, Draw conclusions, Fact and opinion, Generalize, Main idea and details, Graphic sources, Literary elements, Sequence, Steps in a process aReading- aReading-study and teaching